Fallout New Vegas Trivia - Statistics

General Stats
  • This quiz has been taken 119 times
  • The average score is 23 of 55
Answer Stats
Question Answer % Correct
Full name of the man in charge of New Vegas? Robert Edwin House
86%
Name of the Securitron who helps with Independent Vegas? Yes Man
79%
First and last name of the Burned Man? Joshua Graham
77%
Which faction is in charge of Gomorrah? Omertas
76%
Naughty robot who will tell you "Please assume the position"? Fisto
70%
Fiend boss who uses a flamethrower? Cook-Cook
69%
Arcade Gannon is secretly a part of which faction? Enclave
68%
Who is "The Monster of the East"? Legate Lanius
68%
Who is the leader of the Great Khans? Papa Khan
66%
Name of the area filled with Deathclaws? Quarry Junction
66%
Where do you sail out of to get to The Fort? Cottonwood Cove
65%
First and last name of the NCR's president? Aaron Kimball
64%
What was the Burned Man thrown into? The Grand Canyon
64%
Location of the Great Khan's camp? Red Rock Canyon
63%
What is the capital of the NCR? Shady Sands
63%
The crazy, spun-out "scientist" at Helios One? Fantastic
57%
Who runs the Goodsprings General Store? Chet
55%
Underground arena with fighting creatures? The Thorn
52%
This fiend boss is known for attacking with a nail-studded golf club Driver Nephi
49%
This location is filled with radiation after an attack by the Legion Searchlight
49%
What is the name of Sunny Smiles' dog? Cheyenne
48%
Who is the head of the frumentarii in Caesar's Legion? Vulpes Inculta
46%
Who is the most popular NCR president of all time? Tandi
44%
Old man with the Boomers who plans to raise the B-29 out of the water? Loyal
43%
Which prison has been taken over by Powder Gangers? NCRCF
43%
Name of the molerat in Sloan? Snuffles
42%
Name of the woman who runs the Prospector's Saloon in Goodsprings? Trudy
41%
Who is in charge at the Old Mormon Fort? Julie Farkas
40%
Which fiend leader is known for having a pack of hounds? Violet
40%
What is Boone's first name? Craig
39%
Who shows up at the Ultra-Luxe, searching for his missing son? Heck Gunderson
38%
Name of the frumentarii who tries to convince the Khans to side with Caesar? Karl
37%
What is Caesar's real name? Edward Sallow
35%
Which Legion centurion is in charge of Nelson? Dead Sea
33%
What is the name of the missing son? Ted Gunderson
33%
Who wants to overthrow the leadership of the Omertas with your help? Cachino
32%
Who is second-in-command of the Chairmen? Swank
31%
First and last name of the NCR Ambassador on The Strip? Dennis Crocker
30%
Which man in Freeside sells his own kind of jet that is named after himself? Dixon
27%
Who will buy snowglobes from you? Jane
27%
Name of the Legion member captured and incarcerated at McCarran by the NCR? Silus
25%
What is the name of Boone's wife? Carla
24%
Who runs the gift shop in Novac? Cliff Briscoe
21%
Who runs the New Vegas Medical Clinic? Doctor Usanagi
21%
The name of the ghoul in Freeside who will give you gossip for caps Rotface
21%
Injured Ranger who lives in Novac? Andy
20%
First and last name of your Brotherhood of Steel companion? Veronica Santangelo
20%
Who is second-in-command of the Great Khans? Regis
18%
Name of the ghoul scientist inside Vault 22? Keely
17%
First and last name of the nightkin companion? Lily Bowen
17%
Name of the NCR ranger who warns you about the "snakes in Nelson"? Milo
15%
Name of the man who wants to stop the cannibalism at Ultra-Luxe? Chauncey
11%
Who is the voice actor for Mr. New Vegas? Wayne Newton
10%
Who tends the bar at the Mojave Outpost? Lacey
9%
Name of the man in charge of the fighting arena at The Fort? Antony
5%
No matching quizzes found
Score Distribution
Percent of People with Each Score
Percentile by Number Answered
Your Score History
You have not taken this quiz